World Baseball Classic 2023 Teams - Statistics

General Stats
  • This quiz has been taken 72 times
  • The average score is 19 of 28
Answer Stats
Standings Country/Team % Correct
Winner Japan
100%
Runner-Up USA
95%
Semifinalist Mexico
92%
Semifinalist Cuba
87%
Quarterfinalist Venezuela
87%
Pool D Dominican Republic
84%
Quarterfinalist Puerto Rico
84%
Pool C Canada
79%
Pool B China
79%
Pool C Great Britain
79%
Quarterfinalist Australia
78%
Quarterfinalist Italy
75%
Pool A Netherlands
70%
Pool D Israel
68%
Pool B Czech Republic
63%
Pool B Korea
63%
Pool A Panama
63%
Pool C Colombia
62%
Qualifier 1 France
62%
Qualifier 1 Germany
62%
Qualifier 1 Spain
60%
Qualifier 2 Brazil
59%
Pool D Nicaragua
57%
Qualifier 2 New Zealand
46%
Qualifier 2 Argentina
44%
Pool A Chinese Taipei
44%
Qualifier 1 South Africa
29%
Qualifier 2 Pakistan
6%
No matching quizzes found
Score Distribution
Percent of People with Each Score
Percentile by Number Answered
Your Score History
You have not taken this quiz